000 01600ngm a22004090a 4500
001 PT41981
003 AR-LpoUNG
005 20210201235919.0
007 vd cvaizq
008 191001s1959||||ag |||||||||||||||||spa d
037 _c$54.50
040 _aAR-LpoUNG
_bspa
_cAR-LpoUNG
_eaacr
041 _aspa
044 _aag
082 0 _a940.52 75v1
100 1 _aKobayashi, Masaki
_edir.
245 1 3 _aLa condición humana :
_bno hay amor más grande
260 _aBuenos Aires :
_bBlackman,
_c1959.
300 _a2 DVD (202 min.) : son., col.
505 0 _aDos discos. - Subtítulada en español. - Elenco: Tatsuya Nakadai, Michiyo Aratama, Ineko Arima, Chikage Awashima, Keiji Sada, Sô Yamamura, Akira Ishihama.
520 _a<p>Durante la Segunda Guerra Mundial, el pacifista japon&eacute;s Kaji pretende librarse del servicio militar aceptando trabajar como supervisor laboral en el campo minero de la Manchuria ocupada. Sus primeros esfuerzos, siempre despreciados por el superior de la excavaci&oacute;n, Okazaki, se centran en mejorar las p&eacute;simas condiciones de los internos. Un d&iacute;a, el odio acumulado de los prisioneros explota, y las crudas consecuencias no tardan en llegar...</p>
650 4 _aCONFLICTOS
650 4 _aGUERRA
650 4 _aGUERRA CIVIL
650 4 _aJAPON
650 4 _aMILITARISMO
650 4 _aTRABAJADORES
650 4 _aTRABAJO
650 4 _aVIOLENCIA
651 4 _aJapón
653 _aCINE JAPONES
653 _aCONDICION DE LOS TRABAJADORES
653 _aDVD
653 _aVIDEOS
905 _a41981
942 _cDVD
999 _c53766
_d53766